| 000 -ლიდერი |
| ფიქსირებული სიგრძის საკონტროლო ველი |
01525nam a22002537a 4500 |
| 003 - საკონტროლო ნომრის იდენტიფიკატორი |
| საკონტროლო ველი |
Ge_BSU |
| 005 - ბოლო ოპერაციის თარიღი და დრო |
| საკონტროლო ველი |
20221019155744.0 |
| 008 - ფიქსირებული სიგრძის მონაცემთა ელემენტები - ზოგადი ინფორმაცია |
| ფიქსირებული სიგრძის საკონტროლო ველი |
221019s2019 ge ||||| |||| 00| 0 geo d |
| 020 ## - წიგნის საერთაშორისო სტანდარტული ნომერი |
| International Standard Book Number |
9789941264474 |
| 041 ## - ენის კოდი |
| Language code of text/sound track or separate title |
geo |
| 080 ## - უნივერსალური ათობითი კლასიფიკაციის ინდექსი |
| Universal Decimal Classification number |
327(479.22:4) ჯ-22 |
| 100 ## - მთავარი ჩანაწერი - პიროვნების სახელი |
| Personal name |
ჯაფარიძე, ედიშერ |
| 9 (RLIN) |
15374 |
| 245 ## - ცნობა სათაურის შესახებ |
| Title |
ევროინტეგრაციის სათავეეებთან : |
| Remainder of title |
[მიხეილ მუსხელიშვილი და ალექსანდრე ნიკურაძე : მონოგრაფია] / |
| Statement of responsibility, etc |
ედიშერ ჯაფარიძე ; რედაქტორი დავით მუსხელიშვილი. |
| 264 ## - წარმოების, გამოცემის, დისტრიბუციის და სხვა ცნობები |
| გამოცემის, წარმოების, დისტრიბუციის... ადგილი |
თბილისი : |
| გამოცემის, წარმოების, დისტრიბუციის... სახელწოდება |
უნივერსალი, |
| გამოცემის, წარმოების, დისტრიბუციის... თარიღი |
2019. |
| 300 ## - ფიზიკური აღწერა |
| Extent |
224 გვ. : |
| Other physical details |
ფოტ. ; |
| Dimensions |
21 სმ. |
| 500 ## - ზოგადი შენიშვნა |
| General note |
თავფურცლის მე-3 გვერდი და რეზიუმე ინგლისურ ენაზე. |
| 504 ## - BIBLIOGRAPHY, ETC. NOTE |
| Bibliography, etc |
ბიბლიოგრაფია: გვ. 208-219. |
| 653 ## - INDEX TERM--UNCONTROLLED |
| Uncontrolled term |
მუსხელიშვილი, მიხეილ, 1903-1964. |
| 653 ## - INDEX TERM--UNCONTROLLED |
| Uncontrolled term |
ნიკურაძე, ალექსანდრე, 1901-1980. |
| 653 ## - INDEX TERM--UNCONTROLLED |
| Uncontrolled term |
საქართველო-ევროპის ურთიერთობები. |
| 653 ## - INDEX TERM--UNCONTROLLED |
| Uncontrolled term |
ევროინტეგრაცია. |
| 700 ## - ADDED ENTRY--PERSONAL NAME |
| Personal name |
მუსხელიშვილი, დავით |
| Relator term |
რედაქტორი. |
| 9 (RLIN) |
15375 |
| 942 ## - ADDED ENTRY ELEMENTS (KOHA) |
| Source of classification or shelving scheme |
|
| Koha item type |
წიგნი |